Countries with Multiple Capitals and/or Seats of Government - Statistics

General Stats
  • This quiz has been taken 40 times
  • The average score is 19 of 25
Answer Stats
Country Seat Of Capital? Answer % Correct
Czech Republic Executive; Legislature Yes Prague
97%
Sri Lanka Executive; Judiciary No Colombo
95%
Malaysia Legislature; Monarchy Yes Kuala Lumpur
95%
Chile Executive; Judiciary Yes Santiago
95%
Netherlands NONE Yes Amsterdam
92%
Switzerland Executive; Legislature Yes Bern
92%
South Africa Judiciary Yes Bloemfontein
92%
South Africa Legislature Yes Cape Town
92%
Bolivia Executive; Legislature Yes La Paz
92%
Estonia Executive; Legislature Yes Tallinn
89%
Tanzania Judiciary No Dar es Salaam
87%
South Africa Executive Yes Pretoria
87%
Bolivia Judiciary Yes Sucre
87%
Netherlands All Branches No The Hague
87%
Tanzania Executive; Legislature Yes Dodoma
79%
Benin NONE Yes Porto-Novo
79%
Sri Lanka Legislature Yes Sri Jayawardenepura Kotte
79%
Ivory Coast NONE Yes Yamoussoukro
79%
Ivory Coast All Branches No Abidjan
74%
Benin All Branches Yes Cotonou
63%
Czech Republic Judiciary No Brno
58%
Chile Legislature No Valparaiso
47%
Switzerland Judiciary No Lausanne
39%
Estonia Judiciary No Tartu
24%
Malaysia Executive; Judiciary No Putrajaya
21%
No matching quizzes found
Score Distribution
Percent of People with Each Score
Percentile by Number Answered
Your Score History
You have not taken this quiz